Dynamics of potassium in soil as influenced by long term application of potassium to rubber (Record no. 51636)

MARC details
000 -LEADER
fixed length control field 00493nam a2200169Ia 4500
100 ## - MAIN ENTRY--AUTHOR NAME
Personal name Joseph M.[a]
245 #0 - TITLE STATEMENT
Title Dynamics of potassium in soil as influenced by long term application of potassium to rubber
260 ## - PUBLICATION, DISTRIBUTION, ETC. (IMPRINT)
Name of publisher Journal of Potassium Research
Year of publication 2000
300 ## - PHYSICAL DESCRIPTION
Number of Pages 14-Dec
650 ## - SUBJECT ADDED ENTRY--TOPICAL TERM
Topical Term Laterite soil
650 ## - SUBJECT ADDED ENTRY--TOPICAL TERM
Topical Term Potassium
650 ## - SUBJECT ADDED ENTRY--TOPICAL TERM
Topical Term Potassium fertilizer
700 ## - ADDED ENTRY--PERSONAL NAME
Personal name Punnoose K.I.
700 ## - ADDED ENTRY--PERSONAL NAME
Personal name Sudhakumari B.
942 ## - ADDED ENTRY ELEMENTS (KOHA)
Koha item type Bibliography STAF
Holdings
Withdrawn status Lost status Damaged status Not for loan Home library Current library Date acquired Serial Enumeration / chronology Koha item type
      Bibliography RRII Library RRII Library 09/04/2014 Volume 16, Issue Bibliography STAF